Discografia integrale di Caparezza - Statistics

Statistiche generali
  • Questo quiz è stato fatto 79 volte
  • Il punteggio medio è 71 su 126
Statistiche sulle risposte
Album Risposta % Corretto
Le dimensioni del mio caos Vieni a ballare in Puglia
86%
Museica Mica Van Gogh
84%
Prisoner 709 Prisoner 709
84%
Prisoner 709 Ti fa stare bene
84%
Le dimensioni del mio caos Ilaria condizionata
82%
Verità supposte Fuori dal tunnel
81%
Prisoner 709 Prosopagnosia
81%
Prisoner 709 Prosopagno sia!
81%
Exuvia Exuvia
79%
Verità supposte Il secondo secondo me
79%
Verità supposte Jodellavitanonhocapitouncazzo
79%
Prisoner 709 Una chiave
79%
Verità supposte Vengo dalla luna
77%
Museica Avrai ragione tu
75%
Le dimensioni del mio caos Cacca nello spazio
75%
Museica Canzone all'entrata
75%
Museica China Town
75%
Le dimensioni del mio caos Eroe (storia di Luigi delle Bicocche)
75%
Museica Canzone all'uscita
74%
Exuvia El sendero
74%
Habemus Capa La mia parte intollerante
74%
Le dimensioni del mio caos Abiura di me
72%
Le dimensioni del mio caos La rivoluzione del sessintutto
72%
Exuvia La scelta
72%
Museica Teste di Modì
72%
Museica Argenti vive
70%
Le dimensioni del mio caos Il circo delle pantegane
70%
Il sogno eretico Il dito medio di Galileo
70%
Prisoner 709 La caduta di Atlante
70%
Le dimensioni del mio caos La grande opera
70%
Il sogno eretico Sono il tuo sogno eretico
70%
Exuvia Campione dei novanta
68%
Exuvia Il mondo dopo Lewis Carroll
68%
Le dimensioni del mio caos Io diventerò qualcuno
68%
Prisoner 709 Larsen
68%
Museica Non me lo posso permettere
68%
Prisoner 709 Confusianesimo
67%
Museica Figli d'arte
67%
Habemus Capa Habemus Capa
67%
Prisoner 709 Migliora la tua memoria con un click
67%
Le dimensioni del mio caos Bonobo power
65%
Museica Canzone a metà
65%
Le dimensioni del mio caos Pimpami la storia
65%
Le dimensioni del mio caos Ulisse (You listen)
65%
Exuvia Canthology
63%
Habemus Capa Gli insetti del podere
63%
Exuvia La certa
63%
Il sogno eretico Messa in moto
63%
Le dimensioni del mio caos Non mettere le mani in tasca
63%
Le dimensioni del mio caos Un vero uomo dovrebbe lavare i piatti
63%
Museica Cover
61%
Habemus Capa Sssaaasss
61%
Museica Comunque dada
60%
Habemus Capa Dalla parte del toro
60%
Museica Giotto beat
60%
Il sogno eretico Kevin Spacey
60%
Il sogno eretico La ghigliottina
60%
Prisoner 709 Autoipnotica
58%
Il sogno eretico La fine di Gaia
58%
Verità supposte La legge dell'ortica
58%
Il sogno eretico Nessun dorma
58%
Habemus Capa Torna catalessi
58%
Il sogno eretico Chi se ne frega della musica
56%
Museica Compro horror
56%
Il sogno eretico Goodbye malinconia
56%
?! La fitta sassaiola dell'ingiuria
56%
Il sogno eretico Legalize the premier
56%
Il sogno eretico Tutti dormano
56%
Museica E' tardi
54%
Habemus Capa Felici ma trimoni
54%
Prisoner 709 Forever Jung
54%
Verità supposte Giuda me
54%
Il sogno eretico House credibility
54%
Museica Kitaro
54%
Il sogno eretico La marchetta di popolino
54%
Museica Troppo politico
54%
Exuvia Contronatura
53%
Exuvia Fugadà
53%
Habemus Capa Ninna nanna di Mazzarò
53%
Il sogno eretico Non siete stato voi
53%
Habemus Capa Annunciatemi al pubblico
51%
?! Chi c*zzo me lo
51%
Prisoner 709 Il testo che avrei voluto scrivere
51%
Prisoner 709 L'infinto
51%
Il sogno eretico Ti sorrido mentre affogo
51%
Exuvia Come Pripyat
49%
Museica Fai da tela
49%
Exuvia Azzera pace
47%
Il sogno eretico Cose che non capisco
47%
Verità supposte Limiti
47%
Prisoner 709 Minimoog
47%
Verità supposte Nessuna razza
47%
Museica Sfogati
46%
Prisoner 709 Sogno di potere
46%
?! Intro
44%
Verità supposte Dualismi
42%
Exuvia Eyes wide shut
42%
?! Mammamiamamma
42%
Habemus Capa Mors Mea Tacci Tua
42%
?! Dindalè dindalò
40%
Habemus Capa Inno verdano
40%
Habemus Capa The auditels family
40%
Exuvia Zeit!
40%
Prisoner 709 L'uomo che premette
39%
?! Mi è impossibile
39%
Exuvia Eterno paradosso
37%
Habemus Capa Ti giri
37%
Verità supposte Stango e sbronzo
35%
?! Cammina solo
33%
?! Fuck the violenza
33%
?! Mea culpa
33%
?! Ti clonerò
33%
Habemus Capa Titoli
33%
Verità supposte Dagli all'untore
32%
?! Tutto ciò che c'è
32%
Habemus Capa Il silenzio dei colpevoli
30%
?! La gente originale
30%
Verità supposte L'età dei figuranti
30%
Habemus Capa Sono troppo stitico
30%
Verità supposte Follie preferenziali
28%
Habemus Capa Epocalisse
26%
Verità supposte Nel paese dei balordi
26%
?! Il conflitto
23%
?! Uomini di molta fede
23%
Habemus Capa Profilo psichico
21%
Habemus Capa Tii-Yan
21%
Nessun quiz corrispondente trovato
Distribuzione punteggi
Percentuale di utenti per punteggio
Percentile per numero di risposta
I tuoi punteggi nel tempo
Non hai fatto questo quiz